Sonatas N°s 5 Primavera y 9 Kreutzer /

I tiakina i:
Ngā taipitopito rārangi puna kōrero
Kaituhi matua: Beethoven, Ludwig van (música)
Ētahi atu kaituhi: Mutter, Anne-Sophie (ejecución musical) (ejecución musical), Orkis, Lambert (ejecución musical) (ejecución musical), Moritz, Reiner E. (realización) (realización), Heras, Miguel Angel de las (texto del folleto) (texto del folleto)
Hōputu: Reti
Reo:Ingarihi
I whakaputaina: Hamburgo, Alemania : Deutsche Grammophon, 2000, c2000
Barcelona, España : Altaya [distribución], 2007, c2007
Rangatū:(Deutsche Grammophon DVD)
Ngā marau:
Ngā Tūtohu: Tāpirihia he Tūtohu
Kāore He Tūtohu, Me noho koe te mea tuatahi ki te tūtohu i tēnei pūkete!

MARC

LEADER 00000ngm^a2200000^a^4500
001 000344318
005 20251020000000.0
009 20260310114645.734
037 |a Acervo ITESO - Biblioteca 
041 |a SON 
041 |a ING 
082 |a 784. 06  |b BEE LUD 
100 |a Beethoven, Ludwig van  |e (música) 
240 1 1 |a [Sonatas para piano, de Ludwig van Beethoven] 
240 1 1 |a [Sonatas para piano y violín, de Ludwig van Beethoven] 
240 1 1 |a [Sonata para piano y violín Nº 5, de Ludwig van Beethoven] 
240 1 1 |a [Sonata Primavera, de Ludwig van Beethoven] 
240 1 1 |a [Sonata para piano y violín Nº 9, de Ludwig van Beethoven] 
240 1 1 |a [Sonata a Kreutzer, de Beethoven] 
245 1 0 |a Sonatas N°s 5 Primavera y 9 Kreutzer /  |c Música de L. van Beethoven ; ejecución musical de la Wiener Philharmoniker ; violín A.S. Mutter ; piano L. Orkis ; realización de R.E. Moritz ; texto del folleto de M.A. de las Heras. 
264 4 |a Hamburgo, Alemania :  |b Deutsche Grammophon,  |c 2000, c2000 
264 4 |a Barcelona, España :  |b Altaya [distribución],  |c 2007, c2007 
300 |a 1 DVD multirregión  |c (129 min.) (DVD no disponible para préstamo externo) +  |e 1 folleto (8 p.) 
336 |a imagen móvil bidimensional  |b tdi  |2 rdacontenido 
337 |a video  |b v  |2 rdamedio 
338 |a videodisco  |b vd  |2 rdasoporte 
440 1 |a (Deutsche Grammophon DVD) 
545 0 |a Nacido en Bonn en 1770 y muerto en Viena en 1827, Ludwig van Beethoven es, sin duda, uno de los grandes genios de la música universal. Niño prodigio, a los ocho años dio su primer concierto de piano; formado inicialmente con su padre, en 1792 se estableció en Viena, donde estudió con Haydn, Schenk, Albrechtsberger y Salieri. Tres años después debutó en un concierto público como compositor y aparecieron también publicadas sus primeras creaciones. Considerado el precursor del tránsito del clasicismo al romanticismo, produjo una obra inicial alegre y plena de fantasía, a la que le sucederían trabajos intensos, con nuevos sonidos y experimentos audaces, llenos de contrastes, de tono heroico y épico, acordes en gran medida con el contexto revolucionario que vivía Europa. Sus creaciones son calificadas de manifestaciones perfectas, particularmente sus sinfonías, conciertos y sonatas para piano; de hecho estas últimas constituyen, en opinión de la crítica, el ciclo más complejo y amplio en la historia del piano. La extensa obra de Beethoven incluye 9 sinfonías; 1 ópera; 2 misas; 3 cantatas; 32 sonatas para piano; 5 conciertos para piano; 1 concierto para violín; 1 concierto para violín y cello; 1 concierto para violín, cello, piano y orquesta; 16 cuartetos de cuerdas; 10 sonatas para violín y piano; 5 sontas para cello y piano; 1 gran fuga para cuarteto de cuerdas; y numerosas oberturas, obras de cámara, bagatelas para piano, series de variaciones y arreglos a canciones populares. 
546 |a Edición en español (folleto) 
546 |a En inglés, con subtítulos opcionales: alemán, francés 
649 |a XX 
650 |a Violín -  |z Alemania 
650 |a Piano -  |z Alemania 
650 |a Sonata -  |z Alemania 
650 |a Música de Cámara -  |z Alemania 
650 |a Música Clásica -  |z Alemania 
650 |a Música de Concierto -  |z Alemania 
650 |a Música Alemana -  |y Siglo XIX 
650 |a Beethoven, Ludwig van 
650 |a Mutter, Anne-Sophie 
740 0 |a Anne-Sophie Mutter :  |b una vida con Beethoven /  |c Realización de R.E. Moritz. 
700 |a Mutter, Anne-Sophie  |e (ejecución musical) 
700 |a Orkis, Lambert  |e (ejecución musical) 
700 |a Moritz, Reiner E.  |e (realización) 
700 |a Heras, Miguel Angel de las  |e (texto del folleto) 
910 |a Fondo General 
920 |a Audiovisuales - DVDs 
940 |a DVDs y Videos de Música 
905 |a 307 
901 |a 0500234900  |b IT2  |c DVM  |i D64651  |u 20250521 
901 |a 0500234902  |b IT2  |c MIM  |i D64651  |u 20251020 
902 |a https://opac.biblio.iteso.mx/vufind/Record/000344318